| 000 | 00698nam a2200265Ia 4500 | ||
|---|---|---|---|
| 003 | OSt | ||
| 005 | 20221007070731.0 | ||
| 006 | a|||||r|||| 00| 0 | ||
| 007 | ta | ||
| 008 | 221006b |||||||| |||| 00| 0 eng d | ||
| 020 | _a9781292147093 | ||
| 024 | _a44,922 | ||
| 037 | _cTextual | ||
| 040 |
_aFLL _cFLL _beng |
||
| 041 |
_2eng _aeng |
||
| 082 | _aZ3,3, Q7 | ||
| 100 |
_aELLIOTT Catherine _9687621 |
||
| 245 | 0 | _aContract Law | |
| 250 | _a11th | ||
| 260 |
_aHarlow _bPearson Education Limited UK _c2017 |
||
| 300 |
_axxx,449p. _ccm. |
||
| 700 |
_a QUINN Frances _9687622 |
||
| 942 |
_hZ3,3, Q7 _cTEXL _2CC |
||
| 999 |
_c1141395 _d1141395 |
||